Economics study guide to accompany Samuelson-Nordhaus

Guardado en:
Detalles Bibliográficos
Autor principal: Yohe, Gary W.
Formato: Libro
Lenguaje:inglés
Publicado: New York McGraw-Hill 1992
Edición:14. ed.
Materias:
Etiquetas: Agregar Etiqueta
Sin Etiquetas, Sea el primero en etiquetar este registro!

MARC

LEADER 00000nam a2200000 4500
001 c124409
005 20221123101612.5
020 |a 0-07-054888-9 
041 0 |a eng 
044 |a US 
245 1 0 |a Economics  |b study guide to accompany Samuelson-Nordhaus  |c Gary W. Yohe 
250 |a 14. ed. 
264 1 |a New York  |b McGraw-Hill  |c 1992 
300 |a 470 s. 
610 2 0 |a ekonómia 
610 2 0 |a veda ekonomická 
610 2 0 |a mikroekonomika 
610 2 0 |a makroekonomika 
610 2 0 |a obchod medzinárodný 
610 2 0 |a hospodárstvo svetové 
100 1 |a Yohe, Gary W.